Metodologa̕ para la investigacin̤ criminolg̤ica Reglas bs̀icas en la redaccin̤ de textos /

Detalles Bibliográficos
Autor principal: Hikal, Wael
Formato: Desconocido
Lenguaje:español
Publicado: Mx̌ico : Editorial vLex, 2009
Materias:
Acceso en línea:Texto completo (Vlex)

MARC

LEADER 00000ny a22000003n 4500
005 20110621120839.0
008 100325s mx 000 0 spa d
035 |a 2694 
040 |a BUS  |d vLex 
090 |c 931  |d 931 
100 1 |a Hikal, Wael 
245 1 0 |a Metodologa̕ para la investigacin̤ criminolg̤ica  |h [Recurso electrn̤ico]  |b Reglas bs̀icas en la redaccin̤ de textos /  |c Wael Sarwat Hikal Carren̤  
256 |a Servicio en ln̕ea 
260 |a Mx̌ico :  |b Editorial vLex,  |c 2009 
300 |a v. 
650 0 4 |a Criminologa̕ 
740 0 |a vLex Libros (Servicios en ln̕ea) 
856 4 0 |z Texto completo (Vlex)  |u http://vlex.com/source/2694 
942 |c BOOK